Popular Culture Co-productions and Collaborations in East and Southeast Asia (Record no. 1433317)

MARC details
000 -LEADER
fixed length control field 00854nam a2200241Ia 4500
005 - DATE AND TIME OF LATEST TRANSACTION
control field 20250701164517.0
008 - FIXED-LENGTH DATA ELEMENTS--GENERAL INFORMATION
fixed length control field 008 250505s9999 xx 000 0 eng d
020 ## - INTERNATIONAL STANDARD BOOK NUMBER
International Standard Book Number 9784876983568
037 ## - SOURCE OF ACQUISITION
Stock number Textual
040 ## - CATALOGING SOURCE
Original cataloging agency EASL
Language of cataloging eng
Transcribing agency EASL
041 ## - LANGUAGE CODE
Language code of text/sound track or separate title eng
Source of code eng
084 ## - COLON CLASSIFICATION NUMBER
Classification number Y:1.43, R4
Assigning agency EASL
100 ## - MAIN ENTRY--PERSONAL NAME
Personal name Otmazgin Nissim Ed.
9 (RLIN) 815096
245 #0 - TITLE STATEMENT
Title Popular Culture Co-productions and Collaborations in East and Southeast Asia
260 ## - PUBLICATION, DISTRIBUTION, ETC.
Place of publication, distribution, etc. Japan
Name of publisher, distributor, etc. Kyoto Kyoto University Press Japan
Date of publication, distribution, etc. 2013
300 ## - PHYSICAL DESCRIPTION
Extent 276pg
365 ## - TRADE PRICE
Price type code UK
490 ## - SERIES STATEMENT
Series statement Kyoto CSEAS Series on Asian Studies 7
650 ## - SUBJECT ADDED ENTRY--TOPICAL TERM
Topical term or geographic name entry element Popular culture-East Asia; Popular culture-Southeast Asia; Cultural industries- East Asia; Cultural industries-Southeast Asia
9 (RLIN) 815097
700 ## - ADDED ENTRY--PERSONAL NAME
Personal name Ben-Ari Eyal Ed.
9 (RLIN) 283779
942 ## - ADDED ENTRY ELEMENTS (KOHA)
Koha item type Textual
Classification part Y:1.43, R4
Holdings
Withdrawn status Lost status Damaged status Not for loan Collection Home library Current library Date acquired Source of acquisition Total Checkouts Full call number Barcode Date last seen Price effective from Koha item type
        Others Department of East Asian Studies Library Department of East Asian Studies Library 2025-07-01 Gift   Y:1.43, R4 EA1604564 2025-07-01 2025-07-01 Textual
Copyright @ Delhi University Library System